| 000 | 00657nam a22001937a 4500 | ||
|---|---|---|---|
| 005 | 20180828150521.0 | ||
| 010 | _aENG-123855 | ||
| 020 |
_a9789380502731 _c195.00 |
||
| 035 | _aEN-107387 | ||
| 037 | _bDBAD/PUB. | ||
| 082 | _a327.120954 | ||
| 100 | _aSheikh, Danish | ||
| 245 |
_aLocating india's intelligence agencies in a democratic framework / _cby Danish Sheikh |
||
| 260 |
_aNew Delhi _bKW Publishers Pvt. Ltd. _c2011 |
||
| 270 |
_a4676/21, 1st Floor, Ansari Road, Daryaganj, _bNew Delhi _e110002 |
||
| 300 | v |
_axi,60p. _c23cm(pbk.) |
|
| 500 | _aIt includes notes, conclusion and references | ||
| 942 |
_2ddc _cEN _mSHE _h327.120954 |
||
| 999 |
_c156236 _d156236 |
||